000 01012cam a2200313 a 4500
001 15609998
005 20180918044401.0
008 090203s2009 kyua 000 0 eng d
010 _a 2009922184
020 _a9781581502138 (pbk.)
020 _a1581502133 (pbk.)
035 _a(OCoLC)ocn262430918
040 _aBTCTA
_cBTCTA
_dSPP
_dAGL
_dVP@
_dCUX
_dDLC
041 _aeng
042 _alccopycat
043 _an-us-ky
060 4 _aSF 951
_bG985e 2009
070 0 _aSF745
_b.G88 2009
080 _a61 GUT
082 _a61 GUT
100 1 _a3
101 _aSHM
245 1 0 _aEquine ER :
_cLeslie Guttman.
246 3 0 _aStories from a year in the life of an equine veterinary hospital
906 _a7
_bcbc
_ccopycat
_d2
_encip
_f20
_gy-gencatlg
942 _2ddc
_cBK
999 _c47910
_d47910